000
00255nam a2200109Ia 4500
008
200302s9999 xx 000 0 und d
100
_a
Deidi Von Schaewen
245
_a
Fantasy Worlds
260
_b
Taschen Verlog Gmbh
260
_c
1999
300
_a
335 P.,
999
_c
1980
_d
1980